000 02174nam0a2200409 4500
001 RU\NLR\BIBL_A\022231630
005 20250625165356.0
010 _a978-5-6050346-0-5
_91000
035 _a(NLR Aleph) 022231630
090 _a13133055
_c13133055
100 _a20240523d2024 |||y0rusy50 ca
101 0 _arus
_agiy
_aeng
102 _aRU
105 _aa|||z|||000ay
181 0 _ai2
_baxxe
181 0 _ab2
_bxb2e
182 0 _an
200 1 _aУ истока
_dТыми
_dAt the source
_e[рассказ]
_fВладимир Санги
_g[художник: Вероника Владимировна Осипова]
_gНогликская центральная модельная библиотека им. В. М. Санги, [Информационно-культурный просветительский центр "Доминанта"]
_zgiy
_zeng
203 _aТекст
_aИзображение
_bвизуальные
_cнепосредственные
210 _aЮжно-Сахалинск
_cСахалин - Приамурские ведомости
_d2024
215 _a51 с.
_cцв. ил.
_d25
225 1 _aПесня вождя
_dПилаӈ лу
_zgiy
300 _aТекст парал. рус., нивх., англ.
510 1 _6z73790
_aТыми
_zgiy
510 1 _6z92790
_aAt the source
_zeng
686 1 _aШ6(2=Ни)7-4
700 1 _7ca
_8rus
_aСанги
_bВ. М.
_f1935-
_gВладимир Михайлович
_9130462
_3RU\NLR\auth-onl\77406
702 1 _4040
_7ca
_8rus
_aОсипова
_bВ. В.
_cхудожник
_f1966-
_gВероника Владимировна
_9211196
_3RU\NLR\AUTH\770211252
790 1 _7ca
_8rus
_aСанги
_bВ. М.
_f1935-
_gВладимир Михайлович
_9130462
_3RU\NLR\auth-onl\77406
790 1 _6z92510
_aSangi
_bV. M.
_f1935-
_gVladimir Michajlovič
852 _aNLR
_bОНЛ
_jНивх./4-16
942 _cBOOK
980 _aNB